LEADER 02558nam a2200769 a 4500
001 nkc20081797689
003 CZ PrNK
005 20080616112710.0
007 ta
008 080326s2008 xr a e 000 1acze
015 |a cnb001797689 
020 |a 978-80-903909-2-8  |q (váz.) 
035 |a (OCoLC)237069506 
040 |a OLA001  |b cze 
043 |a e-xr--- 
072 7 |a 13  |x Filozofie ducha  |2 Konspekt  |9 5 
072 7 |a 929  |x Biografie  |2 Konspekt  |9 8 
080 |a 171  |2 MRF 
080 |a 13  |2 MRF 
080 |a 2-582/-587  |2 MRF 
080 |a 2-584.5  |2 MRF 
080 |a 17.02  |2 MRF 
080 |a 159.923.2  |2 MRF 
080 |a 316.472.4  |2 MRF 
080 |a 577.337  |2 MRF 
080 |a 82-92-051  |2 MRF 
080 |a 929  |2 MRF 
080 |a (437.3)  |2 MRF 
080 |a (049)  |2 MRF 
080 |a (0:82-94)  |2 MRF 
100 1 |a Vanek, Marcel,  |d 1964-  |7 mzk2004148350  |4 aut 
245 1 0 |a Duchovno na zemi /  |c Marcel Vanek 
250 |a 1. vyd. 
260 |a Praha :  |b Milahelp,  |c 2008 
300 |a 196 s. :  |b il. ;  |c 25 cm +  |e 1 CD 
500 |a Název CD: Silvestr 2007 
600 1 7 |a Vanek, Marcel,  |d 1964-  |7 mzk2004148350  |2 czenas 
650 0 7 |a životní problémy  |7 ph128029  |x duchovní pojetí  |2 czenas 
650 0 7 |a sebepoznání  |7 ph116116  |2 czenas 
650 0 7 |a duchovní cesta  |7 ph119626  |2 czenas 
650 0 7 |a životní harmonie  |7 ph138147  |2 czenas 
650 0 7 |a vývoj osobnosti  |7 ph200851  |2 czenas 
650 0 7 |a sebepřijímání  |7 ph210489  |2 czenas 
650 0 7 |a interpersonální vztahy  |7 ph114786  |2 czenas 
650 0 7 |a energetický systém člověka  |7 ph137672  |2 czenas 
650 0 7 |a smysl života  |7 ph125718  |2 czenas 
650 0 7 |a publicisté  |7 ph124829  |z Česko  |2 czenas 
650 0 9 |a life problems  |x spiritual approach  |2 eczenas 
650 0 9 |a self-consciousness  |2 eczenas 
650 0 9 |a spiritual path  |2 eczenas 
650 0 9 |a harmony of life  |2 eczenas 
650 0 9 |a personality development  |2 eczenas 
650 0 9 |a self-acceptance  |2 eczenas 
650 0 9 |a interpersonal relations  |2 eczenas 
650 0 9 |a human bioenergetics  |2 eczenas 
650 0 9 |a sense of life  |2 eczenas 
650 0 9 |a publicists  |z Czechia  |2 eczenas 
655 7 |a pojednání  |7 fd133056  |2 czenas 
655 7 |a autobiografické vzpomínky  |7 fd131854  |2 czenas 
655 9 |a essays  |2 eczenas 
655 9 |a autobiographical reminiscences  |2 eczenas 
740 0 2 |a Silvestr 2007 
910 2 |a BOA001  |b 2-1201.814 
990 |a BK 
995 |a 01 
991 |b 200804  |c NOV 
996 6 |b 2610339721  |c 2-1201.814  |l MZK  |r Sklad / do 1 hodiny  |n 4  |p p.v.  |w 000891021  |u 000010  |a 1  |e BOA001  |j MZK50  |s P